| 000 | 00957nam a2200241Ia 4500 | ||
|---|---|---|---|
| 003 | GCL | ||
| 008 | 140319s9999 xx 000 0 ara d | ||
| 040 |
_aGCL / _cGCL |
||
| 082 | 0 | 4 |
_a327.117 _bع ح |
| 100 | 1 | _aعبدالله الاشعل | |
| 245 | 1 | 0 |
_aحوليات القضايا العربية / _cعبدالله الاشعل |
| 260 |
_aالقاهرة : _bمؤسسة الطوبجى للتجارة والطباعة والنشر ، _c2005 |
||
| 300 |
_a584 ص ؛ _c24 سم |
||
| 650 | 0 | 4 | _aالسياسة الدولية |
| 650 | 0 | 4 | _aالقضية الفلسطينية |
| 650 | 0 | 4 | _aالسياسة الخارجية |
| 650 | 0 | 4 | _aالعلاقات الخارجية |
| 650 | 0 | 4 | _aالامم المتحدة - قرارات |
| 650 | 0 | 4 | _aالعراق - تاريخ - العصر الحديث - الاحتلال الامريكي |
| 650 | 0 | 4 | _aاحمد ياسين - اغتيال |
| 650 | 0 | 4 | _aليبيا - الاسلحة النووية |
| 942 |
_2ddc _cBK |
||
| 999 |
_c8160 _d8160 |
||